| 000 | 00501nam a22002051a 4500 | ||
|---|---|---|---|
| 001 | 1208 | ||
| 003 | OSt | ||
| 005 | 20260204211725.0 | ||
| 008 | 040117s2000||||sp ||||||b||||||||||spa|| | ||
| 020 | _a9580427099 | ||
| 050 | _a302.22 N311c | ||
| 082 | _a302.22 N311c | ||
| 100 | _aNeggers, Gladys | ||
| 245 | _aCómo aumentar su vocabulario 2 / Gladys Neggers | ||
| 264 | _aEspaña : Norma | ||
| 300 | _a162 p. | ||
| 500 | _aIncluye indice | ||
| 650 | _a1.Comunicación VerbalÌ | ||
| 942 |
_2ddc _cBK |
||
| 999 |
_c1208 _d1208 |
||